|
|
|
|
| LEADER |
00771nta a2200193 i 4500 |
| 001 |
dipl53367 |
| 005 |
20150921101200.0 |
| 008 |
150921s2014 hu om 0|| zxx d |
| 040 |
|
|
|a SZTE Diploma Repozitórium
|b hun
|
| 041 |
|
|
|a zxx
|
| 100 |
1 |
|
|a Magyari Andrea
|
| 245 |
1 |
0 |
|a Mutációk hatása az NColE7 metallonukleáz katalitikus aktivitására
|h [elektronikus dokumentum] /
|c Andrea Magyari
|
| 246 |
1 |
0 |
|a Effect of mutations for the catalytic activity of ColicinE7 metallonuklease
|h [elektronikus dokumentum]
|
| 260 |
|
|
|c 2014
|
| 650 |
|
4 |
|a Természettudományok
|
| 650 |
|
4 |
|a Natural sciences
|
| 700 |
0 |
1 |
|a Gyurcsik Béla
|e ths
|
| 700 |
0 |
1 |
|a Czene Anikó
|e ths
|
| 856 |
4 |
0 |
|u https://diploma.bibl.u-szeged.hu/id/eprint/53367/1/2013_Magyari_Andrea_MAATAAT_SZE_SZ.pdf
|z Dokumentum-elérés
|